Engendering development (Record no. 7765)
[ view plain ]
| 000 -LEADER | |
|---|---|
| fixed length control field | 00582nam a22001937a 4500 |
| 003 - CONTROL NUMBER IDENTIFIER | |
| control field | OSt |
| 005 - DATE AND TIME OF LATEST TRANSACTION | |
| control field | 20220301144213.0 |
| 008 - FIXED-LENGTH DATA ELEMENTS--GENERAL INFORMATION | |
| fixed length control field | 220301b ||||| |||| 00| 0 eng d |
| 020 ## - INTERNATIONAL STANDARD BOOK NUMBER | |
| International Standard Book Number | 9780195215960 |
| 040 ## - CATALOGING SOURCE | |
| Transcribing agency | DDC |
| 082 ## - DEWEY DECIMAL CLASSIFICATION NUMBER | |
| Classification number | 305.42 ENG 2001 |
| 100 ## - MAIN ENTRY--PERSONAL NAME | |
| Personal name | World bank |
| 9 (RLIN) | 6730 |
| 245 ## - TITLE STATEMENT | |
| Title | Engendering development |
| Remainder of title | : through gender equality in rights , resources and voice |
| 260 ## - PUBLICATION, DISTRIBUTION, ETC. (IMPRINT) | |
| Place of publication, distribution, etc. | New york |
| Name of publisher, distributor, etc. | : Oxford university |
| Date of publication, distribution, etc. | ,C2001 |
| 300 ## - PHYSICAL DESCRIPTION | |
| Extent | xix,364p. |
| Dimensions | ; 24 cm |
| 504 ## - BIBLIOGRAPHY, ETC. NOTE | |
| Bibliography, etc | References<br/>Index<br/> |
| 650 ## - SUBJECT ADDED ENTRY--TOPICAL TERM | |
| Topical term or geographic name as entry element | Women in development- developing countries |
| 9 (RLIN) | 15831 |
| 942 ## - ADDED ENTRY ELEMENTS (KOHA) | |
| Source of classification or shelving scheme | Dewey Decimal Classification |
| Koha item type | Book |
| Withdrawn status | Lost status | Source of classification or shelving scheme | Damaged status | Not for loan | Home library | Current library | Date acquired | Source of acquisition | Inventory number | Total Checkouts | Full call number | Barcode | Date last seen | Price effective from | Koha item type |
|---|---|---|---|---|---|---|---|---|---|---|---|---|---|---|---|
| Dewey Decimal Classification | Faculty of Interdisciplinary Studies Library | Faculty of Interdisciplinary Studies Library | 01/03/2022 | Purchase | 11/4465 | 305.42 ENG 2001 | 2022-0342 | 01/03/2022 | 01/03/2022 | Book | |||||
| Dewey Decimal Classification | Faculty of Interdisciplinary Studies Library | Faculty of Interdisciplinary Studies Library | 01/03/2022 | Purchase | 11/4467 | 305.42 ENG 2001 | 2022-0343 | 01/03/2022 | 01/03/2022 | Book | |||||
| Dewey Decimal Classification | Faculty of Interdisciplinary Studies Library | Faculty of Interdisciplinary Studies Library | 01/03/2022 | Purchase | 11/4464 | 305.42 ENG 2001 | 2022-0344 | 01/03/2022 | 01/03/2022 | Book | |||||
| Dewey Decimal Classification | Faculty of Interdisciplinary Studies Library | Faculty of Interdisciplinary Studies Library | 01/03/2022 | Purchase | 11/4466 | 305.42 ENG 2001 | 2022-0345 | 01/03/2022 | 01/03/2022 | Book |
